| 000 | 00714nam a22002057a 4500 | ||
|---|---|---|---|
| 003 | OSt | ||
| 005 | 20251125145510.0 | ||
| 008 | 251125b |||||||| |||| 00| 0 eng d | ||
| 020 | _a978-1-52649-067-4 | ||
| 040 |
_aDWC-Main lib _cOC |
||
| 082 |
_2Fifth edition _aCirc. 657.072 S655r 2020 |
||
| 100 | _aSmith, Malcolm | ||
| 245 |
_aResearch methods in accounting/ _cSmith Malcolm |
||
| 260 |
_aLondon : _bSAGE Publications , _cc2020. |
||
| 300 |
_axvi , 332 pages : 23cm _b illustrations ; _c23cm. |
||
| 504 | _aIncludes index and bibliographical references | ||
| 650 | _a1. Accounting-- Research-- Methodology | ||
| 650 | _a2. compatibility- methodology | ||
| 942 |
_2ddc _cBK-CIRC _eFifth edition _kCirc. _n0 |
||
| 999 |
_c6301 _d6301 |
||